000 00719nam a2200205 i 4500
001 42020
003 ES-MaACL
005 20231226160020.0
007 t|
008 030312s1952 cu ||||1| spa d
100 1 _aCarbonell y Rivero, Néstor.
_935074
245 1 0 _aMartí, carne y espíritu /
_cNéstor Carbonell.
250 _aEd. homenaje a la República de Cuba en el cincuentenario de su independencia.
260 _aHabana :
_b[s.n.],
_c1952 (
_fImp. Seoane Fernández y Cía.)
300 _a2 v. :
_b1 lám. ;
_c21 cm.
600 1 4 _aMartí, José,
_d1853-1895
_977189
651 4 _aCuba-
_xHistoria-
_y1895-1898, Guerra de la Independencia.
_98096
852 _aES-MaACL
_jD-7446-47
999 _c42020
_d42020